<?xml version="1.0" encoding="UTF-8"?>
<marc:record xmlns:marc="http://www.loc.gov/MARC21/slim">
   <marc:leader>00000nam a2200000 a 4500</marc:leader>
   <marc:datafield ind1="1" ind2=" " tag="100">
      <marc:subfield code="a">Love, Jessica</marc:subfield>
      <marc:subfield code="4">aut</marc:subfield>
      <marc:subfield code="e">Verfasser/-in</marc:subfield>
   </marc:datafield>
   <marc:datafield ind1=" " ind2=" " tag="653">
      <marc:subfield code="a">Antolin</marc:subfield>
   </marc:datafield>
   <marc:datafield ind1=" " ind2=" " tag="653">
      <marc:subfield code="a">Anderssein</marc:subfield>
   </marc:datafield>
   <marc:datafield ind1=" " ind2=" " tag="653">
      <marc:subfield code="a">Toleranz</marc:subfield>
   </marc:datafield>
   <marc:datafield ind1=" " ind2=" " tag="653">
      <marc:subfield code="a">Klasse-1</marc:subfield>
   </marc:datafield>
   <marc:datafield ind1=" " ind2=" " tag="653">
      <marc:subfield code="a">Diversität</marc:subfield>
   </marc:datafield>
   <marc:datafield ind1=" " ind2=" " tag="653">
      <marc:subfield code="a">Individualität</marc:subfield>
   </marc:datafield>
   <marc:datafield ind1=" " ind2=" " tag="653">
      <marc:subfield code="a">Vielfalt             1</marc:subfield>
   </marc:datafield>
   <marc:datafield ind1="0" ind2="0" tag="245">
      <marc:subfield code="a">Julian ist eine Meerjungfrau</marc:subfield>
   </marc:datafield>
   <marc:datafield ind1=" " ind2="1" tag="264">
      <marc:subfield code="b">Walker Books</marc:subfield>
      <marc:subfield code="c">2020</marc:subfield>
   </marc:datafield>
   <marc:datafield ind1="1" ind2=" " tag="520">
      <marc:subfield code="a">Julian liebt Meerjungfrauen - er wäre am liebsten selbst eine. Als er auf der Heimfahrt in der U-Bahn drei als Meerjungfrauen verkleidete Frauen mit farbenfroh aufgetürmten Haaren und schillernden Fischschwänzen sieht, ist der Junge völlig hingerissen. Auch zu Hause kann er an nichts anderes denken und verkleidet sich mit einem gelben Vorhang und Farnblättern selbst als Nixe. Und zum Glück hat er eine Großmutter, die ihn genauso akzeptiert, wie er ist! Dieses farbgewaltige Bilderbuch, das mit wenigen Worten auskommt, verströmt bei Lesen Wärme und wahre Freude. Mit zarter und doch überwältigender Bildsprache erobert Julian die Herzen seiner Leser im Sturm. Ein herausragendes Bilderbuch über Individualität, Diversität und Vielfalt!</marc:subfield>
   </marc:datafield>
   <marc:datafield ind1=" " ind2=" " tag="020">
      <marc:subfield code="a">9783957283641</marc:subfield>
      <marc:subfield code="9">9783957283641</marc:subfield>
   </marc:datafield>
</marc:record>
